Представление документа в формате MARC21

ПолеНазваниеЗначение
  Тип записи a
  Библиографический уровень m
001 Контрольный номер RU\infra-m\znanium\bibl\533839
005 Дата корректировки 20260429142306.1
008 Кодируемые данные 190516s2015 RU g rus u
040 Источник каталогиз. __
a Служба первич. каталог. Общество с ограниченной ответственностью «ЗНАНИУМ»
041 Код языка издания __
a Код языка текста rus
044 Код страны публикации __
a Код страны публикации RU
080 Индекс УДК __
a Индекс УДК 821
080 Индекс УДК __
a Индекс УДК 8211
084 Индекс другой классификации/Индекс ББК __
2 Источник индекса rubbk
a Индекс другой классификации/Индекс ББК 842
084 Индекс другой классификации/Индекс ББК __
2 Источник индекса okso
a Индекс другой классификации/Индекс ББК 45.03.01
084 Индекс другой классификации/Индекс ББК __
2 Источник индекса okso
a Индекс другой классификации/Индекс ББК 45.04.01
100 Автор __
a Автор Цветаева М. И.
q Полное имя Цветаева Марина Ивановна
245 Заглавие __
a Заглавие Князь тьмы
b Продолж. заглавия Художественная литература
250 Сведения об издании __
a Основные сведения об издании 1
260 Выходные данные __
a Место издания Москва
b Издательство ООО "Научно-издательский центр ИНФРА-М"
c Дата издания 2015
300 Физическое описание __
a Объем 6 с.
650 Тематические рубрики __
a Основная рубрика Художественная литература. Досуг
x Основная подрубрика Российская поэзия
655 Указ. предметных рубрик (устаревшее) __
a Жанр/ форма (устаревшее) Художественная литература
856 Электронный адрес документа 4_
a Имя сервера/домена znanium.com
m Помощь ebs_support@infra-m.ru
n Местонахождение сервера НИЦ ИНФРА-М
u URL https://znanium.com/catalog/document?id=245593
856 Электронный адрес документа 48
a Имя сервера/домена znanium.com
d Путь /cover/0533
f Электронное имя 533839.jpg
q Тип электронного формата image/jpeg
u URL https://znanium.com/cover/0533/533839.jpg
911 __
u 0030=https://znanium.com/catalog/document?id=245593